Super Mario Odyssey Kingdoms - Statistics

General Stats
  • This quiz has been taken 26 times
  • The average score is 14 of 17
Answer Stats
Picture Answer % Correct
Moon Kingdom
96%
Cap Kingdom
91%
Mushroom Kingdom
91%
Cloud Kingdom
87%
Lost Kingdom
87%
Bowser's Kingdom
83%
Dark Side
83%
Lake Kingdom
83%
Sand Kingdom
83%
Seaside Kingdom
83%
Snow Kingdom
83%
Darker Side
78%
Cascade Kingdom
74%
Luncheon Kingdom
70%
Metro Kingdom
70%
Ruined Kingdom
70%
Wooded Kingdom
70%
No matching quizzes found
Score Distribution
Percent of People with Each Score
Percentile by Number Answered
Your Score History
You have not taken this quiz